Caricamento...

Machine design data handbook: vol.1

Dettagli Bibliografici
Autore principale: Lingaiah, K
Natura: Printed Book
Pubblicazione: Bangalore Suma 1983
Edizione:2nd ed.
Soggetti:
LEADER 00493cam a2200169ua 4500
082 |a 621.815  |b LIN/M 
100 |a Lingaiah, K  
245 0 0 |a Machine design data handbook: vol.1 
250 |a 2nd ed. 
260 |a Bangalore  |b Suma  |c 1983 
300 |a xiv, 395p. 
500 |a Includes index. 
650 |a Machine design 
650 0 |a Engineering 
942 |c BK 
999 |c 2374  |d 2374 
952 |0 0  |1 0  |4 0  |6 621_815000000000000_LINM_1  |7 0  |9 2480  |a KUCL  |b KUCL  |d 2014-05-23  |l 0  |o 621.815 LIN/M.1  |p 05502  |r 2014-05-23  |y BK